Honourable intentions (Record no. 74255)
[ view plain ]
| 000 -LEADER | |
|---|---|
| fixed length control field | 00974cab a2200229 4500 |
| 001 - CONTROL NUMBER | |
| control field | ABS67640 |
| 008 - FIXED-LENGTH DATA ELEMENTS--GENERAL INFORMATION | |
| fixed length control field | 040309n2004 000 0 eng u |
| 035 ## - SYSTEM CONTROL NUMBER | |
| System control number | (Sirsi) u125381 |
| 100 ## - MAIN ENTRY--PERSONAL NAME | |
| Personal name | Murdoch, S. |
| 245 ## - TITLE STATEMENT | |
| Title | Honourable intentions |
| 260 ## - PUBLICATION, DISTRIBUTION, ETC. | |
| Date of publication, distribution, etc. | 2004 |
| 490 ## - SERIES STATEMENT | |
| Series statement | Estates Gazette |
| Volume/sequential designation | (0409) 28 February 2004, 143(1) |
| 520 ## - SUMMARY, ETC. | |
| Summary, etc. | Discusses "Bolton MBC and Torkington" ([2003] EWCA Civ 1634, Abs...) which examines the legal effectiveness of a deed executed by a corporation. The sealing of a deed by a corporation does not in itself constitute delivery of the deed. Sealing may suggest that delivery has taken place but delivery turns on proof of the intention of the party executing the deed. |
| 590 ## - LOCAL NOTE (RLIN) | |
| Local note | ABS |
| 650 ## - SUBJECT ADDED ENTRY--TOPICAL TERM | |
| Topical term or geographic name entry element | BOLTON MBC AND TORKINGTON |
| 650 ## - SUBJECT ADDED ENTRY--TOPICAL TERM | |
| Topical term or geographic name entry element | DEEDS |
| 650 ## - SUBJECT ADDED ENTRY--TOPICAL TERM | |
| Topical term or geographic name entry element | LONGMAN V VISCOUNT CHELSEA AND OTHERS |
| 650 ## - SUBJECT ADDED ENTRY--TOPICAL TERM | |
| Topical term or geographic name entry element | LAW OF PROPERTY ACT 1925 S74(1) |
| 650 ## - SUBJECT ADDED ENTRY--TOPICAL TERM | |
| Topical term or geographic name entry element | DELIVERY |
| 690 ## - LOCAL SUBJECT ADDED ENTRY--TOPICAL TERM (OCLC, RLIN) | |
| Topical term or geographic name as entry element | LANDLORD AND TENANT-LEASES-CASE LAW |
| 942 ## - ADDED ENTRY ELEMENTS (KOHA) | |
| Suppress in OPAC | 0 |
| Withdrawn status | Lost status | Source of classification or shelving scheme | Damaged status | Not for loan | Home library | Current library | Shelving location | Date acquired | Total Checkouts | Full call number | Barcode | Date last seen | Copy number | Price effective from | Koha item type |
|---|---|---|---|---|---|---|---|---|---|---|---|---|---|---|---|
| Dewey Decimal Classification | London | London | Journal article | 09/03/2004 | ABS67640 | 125381-1001 | 06/08/2019 | 1 | 06/08/2019 | Law report |